Central Library OPAC University of Rajshahi

Applied economics : (Record no. 42771)

MARC details
000 -LEADER
fixed length control field 00759nam a2200241 a 4500
001 - CONTROL NUMBER
control field 42771
003 - CONTROL NUMBER IDENTIFIER
rucl marc code BD-RjUL
005 - DATE AND TIME OF LATEST TRANSACTION
control field 20211209053605.0
008 - FIXED-LENGTH DATA ELEMENTS--GENERAL INFORMATION
fixed length control field 160615s1960 nyua 1 eng u
035 ## - SYSTEM CONTROL NUMBER
System control number (BD-RjUL)42889
040 ## - CATALOGING SOURCE
Original cataloging agency BD-RjUL
Language of cataloging eng
Transcribing agency BD-RjUL
Modifying agency UPvMLC
-- BD-RjUL
041 ## - LANGUAGE CODE
Language code of text/sound track or separate title eng
082 ## - DEWEY DECIMAL CLASSIFICATION NUMBER
Edition number 23
Classification number 330
Author mark and year BYA 1960
100 1# - MAIN ENTRY--PERSONAL NAME
Personal name Bye, Raymond T.
9 (RLIN) 130464
245 10 - TITLE STATEMENT
Title Applied economics :
Remainder of title the application of economic principles to problems of policy /
Statement of responsibility, etc. Raymond T. Bye [and] William W. Hewett.
250 ## - EDITION STATEMENT
Edition statement 5th ed.
260 ## - PUBLICATION, DISTRIBUTION, ETC. (IMPRINT)
Place of publication, distribution, etc. New York :
Name of publisher, distributor, etc. Appleton-Century-Crofts,
Date of publication, distribution, etc. 1960.
300 ## - PHYSICAL DESCRIPTION
Pagination xi, 595 p. :
Illustrations ill. ;
Size 24 cm.
504 ## - BIBLIOGRAPHY, ETC. NOTE
Bibliography, etc Includes index.
650 #0 - SUBJECT ADDED ENTRY--TOPICAL TERM
Topical term or geographic name as entry element Economics.
9 (RLIN) 131445
700 1# - ADDED ENTRY--PERSONAL NAME
Personal name Hewett, William W.
942 ## - ADDED ENTRY ELEMENTS (KOHA)
Source of classification or shelving scheme Dewey Decimal Classification
Koha item type Books
Holdings
Lost status Source of classification or shelving scheme Damaged status Not for loan Collection code Permanent Location Current Location Shelving location Date acquired Source of acquisition Cost, normal purchase price Total Checkouts Full call number Date last seen Copy number Koha item type
  Dewey Decimal Classification     Non-fiction Central Library, University of Rajshahi Central Library, University of Rajshahi   28/01/1963 Zeitlinger 45.00   330 BYA 1960 15/06/2016 C-2 Books
  Dewey Decimal Classification   Not For Loan Non-fiction Central Library, University of Rajshahi Central Library, University of Rajshahi Reading Room 15/03/1963 Zeitlinger 45.00   330 BYA 1960 19/10/2022 C-1 Books
  Dewey Decimal Classification     Non-fiction Central Library, University of Rajshahi Central Library, University of Rajshahi General Stacks 28/01/1963 Zeitlinger 45.00   330 BYA 1960 20/10/2022 C-3 Books